| 000 -CABECERA |
| fixed length control field |
01110nam a22002537a 4500 |
| 003 - IDENTIFICADOR DEL NÚMERO DE CONTROL |
| control field |
AR-CdUCM |
| 008 - DATOS DE LONGITUD FIJA--INFORMACIÓN GENERAL |
| fixed length control field |
190308b ||||| |||| 00| 0 spa d |
| 040 ## - FUENTE DE LA CATALOGACIÓN |
| Agencia/entidad que catalogó originalmente la obra |
MUNICIPALIDAD PROVINCIAL DEL CUSCO |
| Entidad que transcribió la catalogación |
BIBLIOTECA MUNICIPAL DEL CUSCO |
| 082 ## - NÚMERO DE LA CLASIFICACIÓN DECIMAL DEWEY |
| No. de Clasificación |
796.08 / |
| Notacion interna |
AT86 |
| 110 ## - ENTRADA PRINCIPAL--NOMBRE DE ENTIDAD CORPORATIVA |
| Nombre de la institución, jurisdicción como entrada principal |
The athletic institute |
| 9 (RLIN) |
13741 |
| 245 ## - MENCIÓN DE TÍTULO |
| Título |
Técnicas de salvamento / |
| 260 ## - PUBLICACIÓN, DISTRIBUCIÓN, ETC. |
| Lugar de publicación, distribución, etc. |
México, D.F : |
| Nombre de la editorial, distribuidor, etc. |
Centro Regional de Ayuda Técnica, Agencia para el Desarrollo Internacional, |
| Fecha de publicación, distribución, etc. |
1968. |
| 300 ## - DESCRIPCIÓN FÍSICA |
| Nº de Páginas Extensión |
50 paginas ; |
| Otros detalles físicos |
Ilustraciones, |
| Dimensiones |
21 cm. |
| 505 ## - NOTA DE CONTENIDO CON FORMATO |
| Nota de contenido formateada |
Métodos de rescate -- Rescate por extensión -- Rescate mientras se nada -- Resucitación -- Transporte estilo bombero -- Técnicas de salvamento para casos de emergencia -- Métodos de respiración directa -- Seguridad personal en el agua ... |
| 650 ## - PUNTO DE ACCESO ADICIONAL DE MATERIA--TÉRMINO DE MATERIA |
| Descriptor |
Salvamento (Ahogados) |
| 9 (RLIN) |
13819 |
| 650 ## - PUNTO DE ACCESO ADICIONAL DE MATERIA--TÉRMINO DE MATERIA |
| Descriptor |
Métodos de rescate |
| 9 (RLIN) |
13248 |
| 650 ## - PUNTO DE ACCESO ADICIONAL DE MATERIA--TÉRMINO DE MATERIA |
| Descriptor |
Método de respiración |
| 9 (RLIN) |
13820 |
| 700 ## - PUNTO DE ACCESO ADICIONAL--NOMBRE DE PERSONA |
| Nombre Personal |
Robertson, David H. |
| 9 (RLIN) |
13821 |
| 700 ## - PUNTO DE ACCESO ADICIONAL--NOMBRE DE PERSONA |
| Nombre Personal |
Russell, Charles W. |
| 9 (RLIN) |
13822 |
| 700 ## - PUNTO DE ACCESO ADICIONAL--NOMBRE DE PERSONA |
| Nombre Personal |
Pump, Mathew |
| 9 (RLIN) |
13253 |
| 942 ## - ELEMENTOS DE PUNTO DE ACCESO ADICIONAL (KOHA) |
| Fuente de clasificación |
|
| Tipo de item |
Libros-BMC |
| 945 ## - PROCESAMIENTO DE INFORMACIÓN LOCAL (OCLC) |
| Catalogador |
acv |